| 000 | 00693nam a22002177a 4500 | ||
|---|---|---|---|
| 999 |
_c12207 _d12207 |
||
| 003 | AR-CdUCM | ||
| 008 | 190408b ||||| |||| 00| 0 spa d | ||
| 040 |
_aMUNICIPALIDAD PROVINCIAL DEL CUSCO _cBIBLIOTECA MUNICIPAL DEL CUSCO |
||
| 082 |
_25ed. _aC / 985.61 / _bB53 |
||
| 100 |
_aBingham, Hiram _929941 |
||
| 245 |
_aMachu Picchu : _bla ciudad perdida de los incas / |
||
| 260 |
_aChile : _bZig Zag, _c1970 |
||
| 300 |
_a374 páginas ; _c19 cm. |
||
| 505 | _aLos constructores -- La busqueda -- Machu Picchu... | ||
| 650 |
_aMachu Pucchu. _929942 |
||
| 650 |
_aCusco. _9772 |
||
| 650 |
_aIncas. _9303 |
||
| 650 |
_aHiram bingham. _929943 |
||
| 942 |
_2ddc _cLIBROS |
||
| 945 |
_awfj _d2019-04-08 |
||